[Event "Ceriano Laghetto op-C 20th"]
[Site "Ceriano Laghetto"]
[Date "2011.04.02"]
[Round "3"]
[White "Capurri, Giancarlo"]
[Black "Aldeghi, Damiano"]
[Result "1-0"]
[WhiteElo "1480"]
[BlackElo "1419"]
[PlyCount "139"]
[EventDate "2011.04.01"]
[EventType "swiss"]
[EventRounds "5"]
[EventCountry "ITA"]
[SourceTitle "EXT 2024"]
[Source "ChessBase"]
[SourceDate "2023.10.10"]
[SourceVersion "1"]
[SourceVersionDate "2023.10.10"]
[SourceQuality "1"]

1. c4 Nf6 2. d4 d5 3. c5 Nc6 4. Nc3 e5 5. e3 Bf5 6. Be2 exd4 7. exd4 Be7 8. g4 Be4 9. f3 Bg6 10. Nh3 0-0 11. a3 Qd7 12. Nf4 h6 13. Be3 b6 14. b4 Bh7 15. Bf2 g5 16. Nd3 a6 17. Be3 Qe6 18. Qd2 Nd7 19. 0-0 Bf6 20. Nf2 Rae8 21. Nfd1 b5 22. Re1 Re7 23. Ra2 Rfe8 24. Bf2 Nf8 25. Rb2 Ng6 26. a4 Qd7 27. axb5 axb5 28. Bxb5 Rxe1+ 29. Bxe1 Nf4 30. Bf2 Qe6 31. Kf1 Re7 32. Bxc6 Qxc6 33. Ne3 Bd3+ 34. Kg1 Bc4 35. Kh1 Qe6 36. Nxc4 dxc4 37. Ne4 Bg7 38. Be3 Rd7 39. Rc2 Qd5 40. Bxf4 gxf4 41. Qxf4 Qxd4 42. Kg2 Qd1 43. Rd2 Rxd2+ 44. Qxd2 Qxd2+ 45. Nxd2 c3 46. Nb3 c2 47. Kf2 Bb2 48. Ke2 c1Q 49. Nxc1 Bxc1 50. Kd3 Kg7 51. Kc4 Kf6 52. Kd5 Ke7 53. h4 Bf4 54. Ke4 Bd2 55. b5 Bb4 56. Kd5 Kd7 57. f4 Ba3 58. g5 h5 59. f5 Bb4 60. g6 fxg6 61. f6 Ke8 62. b6 cxb6 63. cxb6 Kd8 64. Ke6 Kc8 65. Kf7 g5 66. hxg5 h4 67. g6 h3 68. g7 h2 69. g8Q+ Kb7 70. Qg2+ 1-0